|
|
|
|
| LEADER |
00654nam a22001932a 4500 |
| 001 |
000618362 |
| 003 |
CZ BrMZK |
| 005 |
20020904141618.0 |
| 007 |
ta |
| 008 |
020822s1933 xr f cze d |
| 040 |
|
|
|a BOA001
|b cze
|c BOA001
|
| 100 |
1 |
|
|a Hora, Josef
|7 jn19981001476
|4 aut
|
| 245 |
1 |
0 |
|a Příručka pro brance.
|n Díl 1,
|p Co má vědět branec před odvodem /
|c Josef Hora
|
| 246 |
3 |
0 |
|a Co má vědět branec před odvodem
|
| 260 |
|
|
|a Praha :
|b Československá obec sokolská,
|c 1933
|
| 300 |
|
|
|a 85 s.
|
| 910 |
|
|
|a BOA001
|b 2-0127.352,1
|
| 990 |
|
|
|a BK
|
| 996 |
7 |
|
|b 2619694577
|c 2-0127.352,1
|l MZK
|r Sklad / do 24 hodin
|n 2
|w 000618362
|u 000010
|a 1
|e BOA001
|j MZK50
|s A
|